000 00734nam2a22002051 4500
001 rc\1008030
005 20250622104410.0
035 _a(NLR Aleph) 006247266
090 _a6720092
_c6720092
100 _a20041129d1981 |||y0rusy50 ca
101 0 _arus
102 _aRU
105 _ay |||||||||
200 1 _aПодвои плодовых пород
_fЛ.Е. Закубанец
461 0 _1001rc\1008026
_12001#$aБиблиотечка садовода$e[4 бр. в обертке]$v[4]
_96720057
_cРостов н/Д
_d1981
_nКн. изд-во
_o[4 бр. в обертке]
_tБиблиотечка садовода
_v[4]
801 0 _aRU
_bNLR
_gpsbo
801 1 _aRU
_bELAR
_2rusmarc
852 _aNLR
_j81-2/2161
942 _cBOOK
980 _aNB